Loading...
| Philosophy | 0 | 5 | 0 | 0 | 50 | 111 | 129.00 | 0 | 4 |
| Fine Arts - Visual Fine Arts | 0 | 5 | 2 | 1 | 40 | 112 | 128.60 | 0 | 2 |
| Social Science | 1 | 2 | 2 | 0 | 25 | 71 | 94.33 | 1 | 1 |
| Literature - European Literature | 0 | 2 | 0 | 0 | 20 | 134 | 149.50 | 0 | 1 |
| Religion | 0 | 2 | 0 | 1 | 20 | 89 | 102.50 | 0 | 1 |
| Literature - American Literature | 0 | 1 | 0 | 0 | 10 | 168 | 168.00 | 0 | 0 |
| History - European History | 0 | 1 | 0 | 0 | 10 | 148 | 148.00 | 0 | 0 |
| Current Events | 0 | 1 | 0 | 0 | 10 | 80 | 80.00 | 0 | 0 |
| Other Academic | 0 | 1 | 0 | 0 | 10 | 107 | 107.00 | 0 | 1 |
| Science - Other Science | 0 | 2 | 2 | 0 | 10 | 126 | 129.00 | 0 | 0 |
| History - World History | 0 | 1 | 1 | 0 | 5 | 100 | 100.00 | 0 | 1 |
| History - Ancient History | 0 | 1 | 2 | 0 | 0 | 111 | 111.00 | 0 | 0 |
| Fine Arts - Auditory Fine Arts | 0 | 0 | 1 | 0 | -5 | 0.00 | 0 | 0 | |
| Geography | 0 | 0 | 2 | 0 | -10 | 0.00 | 0 | 0 |